| 000 | 01161cam a22002773a 4500 | ||
|---|---|---|---|
| 001 | 9823 | ||
| 003 | PGUSA | ||
| 005 | 20140828083216.0 | ||
| 008 | 060201s2006||||xxu|||||s|||||000 p eng d | ||
| 040 |
_aPGUSA _beng |
||
| 042 | _adc | ||
| 050 | 4 | _aPR | |
| 100 | 1 |
_aJohnson, Samuel, _d1709-1784 |
|
| 245 | 1 | 0 |
_aLives of the Poets, Volume 1 _h[electronic resource] / _cSamuel Johnson |
| 260 |
_bProject Gutenberg, _c2006 |
||
| 505 | 0 | _aCowley -- Denham -- Milton -- Butler -- Rochester -- Roscommon -- Otway -- Waller -- Pomfret -- Dorset -- Stepney -- J. Philips -- Walsh -- Dryden -- Smith -- Duke -- King -- Sprat -- Halifax -- Parnell -- Garth -- Rowe -- Addison -- Hughes -- Sheffield, duke of Buckinghamshire. | |
| 506 | _aPublic domain in the USA. | ||
| 516 | _aElectronic text | ||
| 653 | _aEnglish poetry -- 18th century -- History and criticism | ||
| 653 | _aPoets, English -- Biography -- Early works to 1800 | ||
| 653 | _aEnglish poetry -- Early modern, 1500-1700 -- History and criticism | ||
| 740 | 0 | _aThe Lives of the English Poets | |
| 830 | 0 |
_aProject Gutenberg _v9823 |
|
| 856 | 4 | 0 | _uhttp://www.gutenberg.org/ebooks/9823 |
| 942 | _cEB | ||
| 999 |
_c239079 _d239079 |
||